000 00700nam a2200289Ia 4500
005 20260324143457.0
008 008 260324s9999 xx 000 0 eng d
020 _a9780429306761
037 _aEBOOK
040 _aCRL
040 _beng
040 _cCRL
041 _2eng
041 _aeng
084 _qCRL
100 _aJoseph Kostiner
_91215773
245 0 _aSouth Yemen's Revolutionary Strategy, 1970-1985
245 0 _bFrom Insurgency To Bloc Politics
260 _bTaylor and Francis
260 _c1991
365 _a
365 _b230
856 _uhttp://www.taylorfrancis.com/books/9780429306761
942 _cEBOOK
999 _c1821222
_d1821222